[Event "37th Trade Fair Open A"]
[Site "Brno CZE"]
[Date "2012.09.02"]
[Round "9"]
[White "Mares,Jan"]
[Black "Hosek,Ma"]
[Result "1/2-1/2"]
[WhiteElo "1920"]
[BlackElo "1998"]

1.e4 c5 2.Nf3 d6 3.Bb5+ Bd7 4.Bxd7+ Qxd7 5.O-O Nf6 6.Re1 e6 7.b3 Be7 8.Bb2 O-O
9.d4 cxd4 10.Nxd4 Nc6 11.c4 a6 12.Nd2 Rfd8 13.N2f3 Qc7 14.Qe2 Nd7 15.Rad1 Rab8
16.Rd2 Qa5 17.Red1 Bf8 18.Ba1 Be7 19.Nxc6 bxc6 20.Nd4 Qc7 21.Rd3 a5 22.Rg3 Bf8
23.Nxc6 Qxc6 24.Bxg7 Bxg7 25.Qg4 Kf8 26.Qxg7+ Ke8 27.Qg8+ Ke7 28.Qg5+ Ke8
29.Qg8+  1/2-1/2

[Event "XVI BCC Open"]
[Site "Cesenatico ITA"]
[Date "2012.09.02"]
[Round "2"]
[White "Cereda,L"]
[Black "Roeder,M"]
[Result "0-1"]
[WhiteElo "2234"]
[BlackElo "2432"]

1.e4 c5 2.Nf3 d6 3.Bb5+ Bd7 4.Bxd7+ Qxd7 5.O-O Nc6 6.Qe2 Nf6 7.Rd1 g5 8.e5 g4
9.exf6 gxf3 10.Qxf3 Nd4 11.Qd3 Rg8 12.Nc3 Qg4 13.Qf1 Qh5 14.Kh1 O-O-O 15.d3 d5
16.fxe7 Bxe7 17.Bf4 Bd6 18.Bg3 Kb8 19.Rd2 f5 20.Bxd6+ Rxd6 21.f4 Re8 22.Rf2 a6
23.Re1 Rxe1 24.Qxe1 Re6 25.Qg1 Qe8 26.h3 Nxc2 27.Kh2 Ne3 28.Nd1 d4 29.Nxe3 dxe3
30.Re2 h5 31.Qe1 Qe7 32.g3 Ka7 33.Qc3 Qd6 34.Qh8 Qxd3 35.Qxh5 Qe4 36.Qh8 Qf3
37.Rg2 e2 38.Qc3 Qxc3  0-1

[Event "40th Olympiad Open"]
[Site "Istanbul TUR"]
[Date "2012.09.03"]
[Round "6.20"]
[White "Al Sulaiti,G"]
[Black "Ortiz Suarez,I"]
[Result "0-1"]
[WhiteElo "2178"]
[BlackElo "2569"]

1.e4 c5 2.Nf3 d6 3.Bb5+ Nd7 4.O-O Nf6 5.Re1 a6 6.Bf1 b5 7.a4 bxa4 8.Rxa4 Bb7
9.Nc3 e6 10.b3 Be7 11.Bb2 O-O 12.Qa1 Qc8 13.e5 dxe5 14.Nxe5 Nxe5 15.Rxe5 Rd8
16.Bd3 Qc6 17.Rg5 Rxd3 18.cxd3 Nh5 19.Rag4 Bxg5 20.Rxg5 h6 21.Nd5 exd5 22.Rxh5 d4
23.f3 Re8 24.Qf1 g6 25.Rxh6 Qd5 26.Qf2 Qxb3 27.Qh4 Qd1+ 28.Kf2 Qe1+  0-1

[Event "40th Olympiad Open"]
[Site "Istanbul TUR"]
[Date "2012.09.03"]
[Round "6.74"]
[White "Cooper,Gar"]
[Black "Garcia,Bernardo"]
[Result "0-1"]
[WhiteElo "1893"]
[BlackElo "1663"]

1.e4 c5 2.Nf3 d6 3.Bb5+ Bd7 4.Bxd7+ Nxd7 5.d4 cxd4 6.Nxd4 g6 7.O-O Bg7 8.Be3 Ngf6
9.Nd2 O-O 10.c4 Nc5 11.f3 a6 12.Qc2 Rc8 13.b3 b5 14.Rad1 Qa5 15.Kh1 Rfe8
16.Rfe1 Nfd7 17.f4 Ne6 18.Nxe6 fxe6 19.Nf3 bxc4 20.Ng5 e5 21.Ne6 Bh8 22.f5 Nf8
23.Bd2 c3 24.Bh6 Nxe6 25.fxe6 Bg7 26.Bxg7 Kxg7 27.Rf1 Rf8 28.Rf7+ Rxf7 29.exf7 Kxf7
30.Rf1+ Kg7 31.Qf2 Qd8 32.Qf7+ Kh8 33.Qe6 c2 34.Rc1 Rc7 35.b4 Qc8 36.Qd5 Qg8
37.Qa5 Qc4 38.h3 Kg7 39.a4 Rc8 40.b5 axb5 41.axb5 Rf8 42.Kh2 Rf1 43.Qa1 Rxc1
44.Qxc1 Qb3  0-1

[Event "40th Olympiad Women"]
[Site "Istanbul TUR"]
[Date "2012.09.03"]
[Round "6.12"]
[White "Melamed,T"]
[Black "Karavade,E"]
[Result "1/2-1/2"]
[WhiteElo "2356"]
[BlackElo "2371"]

1.e4 c5 2.Nf3 d6 3.Bb5+ Nd7 4.d4 cxd4 5.Qxd4 a6 6.Bxd7+ Bxd7 7.O-O Rc8 8.Nc3 e5
9.Qd3 Nf6 10.Bg5 h6 11.Bxf6 Qxf6 12.Nd5 Qd8 13.Rfd1 Be6 14.c4 Be7 15.b3 Rc6
16.Ne1 O-O 17.Nc2 Bg5 18.Ncb4 Rc8 19.Ne3 Bxe3 20.Qxe3 Qa5 21.Nd5 Rfe8 22.a4 Kf8
23.Qb6 Qxb6 24.Nxb6 Rcd8 25.a5 Ke7 26.f3 g6 27.Kf2 f5 28.Ke3 Rf8 29.Rd2 h5
30.Rad1 fxe4 31.fxe4 Rf6 32.c5 Bxb3 33.cxd6+ Rfxd6 34.Rxd6 Bxd1 35.Rxg6 Rd4
36.Nd5+ Kf7 37.Rb6 Bc2 38.Rxb7+ Ke6 39.Rb6+ Kf7 40.Rb7+ Ke6 41.Rb4 Rd3+ 42.Kf2 Ra3
43.Rb6+ Kf7 44.Rf6+ Kg7 45.Rxa6 Bxe4 46.Ne3 Ra2+ 47.Ke1 Bxg2 48.Nxg2 Rxg2
49.Re6  1/2-1/2

[Event "40th Olympiad Women"]
[Site "Istanbul TUR"]
[Date "2012.09.03"]
[Round "6.9"]
[White "Dembo,Y"]
[Black "Ziaziulkina,N"]
[Result "1-0"]
[WhiteElo "2457"]
[BlackElo "2342"]

1.e4 c5 2.Nf3 d6 3.Bb5+ Nd7 4.d4 cxd4 5.Qxd4 a6 6.Bxd7+ Bxd7 7.Nc3 Rc8 8.O-O e5
9.Qd3 h6 10.a4 Nf6 11.Be3 Qc7 12.Nd2 Be7 13.a5 O-O 14.Rfc1 Be6 15.Nd5 Nxd5
16.exd5 Bd7 17.Bb6 Qb8 18.c4 f5 19.b4 e4 20.Qb3 Bg5 21.Qa2 Rf7 22.c5 Bb5
23.Re1 Bd8 24.Rac1 Kh7 25.Nc4 Bxc4 26.Qxc4 Rd7 27.Qb3 Bg5 28.c6 Rf7 29.Rc2 Qa8
30.Qc4 Re8 31.c7 Qc8 32.b5 axb5 33.Qxb5 Rfe7 34.Qb4 Bf4 35.Qc4 Bg5 36.Rce2 Qd7
37.f3 Bh4 38.g3 exf3 39.Rxe7 Bxe7 40.Qd3 Rf8 41.Qxf3 Bf6 42.Qa3 Rc8 43.Re6 Be5
44.Qd3 Rf8 45.Qc2 Kh8 46.a6 bxa6 47.Qc6 Qc8 48.Re7 f4 49.Qd7 Qa8 50.Rxe5 dxe5
51.Qd8 Rxd8 52.cxd8=Q+ Qxd8 53.Bxd8 Kg8 54.Bc7 fxg3 55.d6  1-0

[Event "40th Olympiad Women"]
[Site "Istanbul TUR"]
[Date "2012.09.03"]
[Round "6.4"]
[White "Hernandez Estevez,Y"]
[Black "Papp,Petra"]
[Result "1/2-1/2"]
[WhiteElo "2252"]
[BlackElo "2302"]

1.e4 c5 2.Nf3 d6 3.Bb5+ Nd7 4.O-O a6 5.Bxd7+ Bxd7 6.d4 cxd4 7.Qxd4 Rc8 8.Nc3 e5
9.Qd3 h6 10.Rd1 Nf6 11.a4 Be7 12.a5 O-O 13.Be3 Qc7 14.Nd2 Be6 15.Bb6 Qc6
16.Nf1 Nd7 17.Ne3 Nxb6 18.axb6 Qxb6 19.Ncd5 Bxd5 20.Nxd5 Qd8 21.c4 Rc6 22.b4 Bg5
23.g3 Qc8 24.h4 Bd8 25.Ne3 Bb6 26.Nd5 Bd8 27.Ne3 Bb6 28.Nd5  1/2-1/2

[Event "40th Olympiad Women"]
[Site "Istanbul TUR"]
[Date "2012.09.03"]
[Round "6.35"]
[White "Thorsteinsdottir,H"]
[Black "Gutierrez,L"]
[Result "0-1"]
[WhiteElo "1957"]
[BlackElo "2067"]

1.e4 c5 2.Nf3 d6 3.Bb5+ Nd7 4.d4 cxd4 5.Qxd4 Qa5+ 6.Nc3 a6 7.Bxd7+ Bxd7 8.O-O e6
9.Bg5 h6 10.Bh4 Qh5 11.Bg3 Bc6 12.Rfd1 Rd8 13.Ne5 Ne7 14.Nc4 Nc8 15.b4 Qg5
16.a3 Be7 17.e5 dxe5 18.Qxe5 O-O 19.h3 Qg6 20.Qe2 Bf6 21.Rxd8 Rxd8 22.Rd1 Rxd1+
23.Nxd1 Bb5 24.Qd3 Qxd3 25.cxd3 Ne7 26.Nde3 Bd4 27.Kf1 Nd5 28.Ke2 Bc6 29.Nc2 Bf6
30.f3 Ba4 31.N2e3 Nc3+ 32.Kf2 Bd4 33.Be5 Bxe5 34.Nxe5 Nb1 35.N3c4 b5 36.Nb2 Nxa3
37.Nd7 Nc2 38.Nxa4 bxa4 39.Nc5 a3 40.Ke2 a2 41.Nb3 Nd4+  0-1

[Event "40th Olympiad Women"]
[Site "Istanbul TUR"]
[Date "2012.09.03"]
[Round "6.3"]
[White "Borosova,Z"]
[Black "Dzagnidze,N"]
[Result "1/2-1/2"]
[WhiteElo "2280"]
[BlackElo "2547"]

1.e4 c5 2.Nf3 d6 3.Bb5+ Nc6 4.O-O Bd7 5.Re1 Nf6 6.h3 g6 7.c3 Bg7 8.d4 cxd4
9.cxd4 d5 10.exd5 Nxd5 11.Nc3 Nxc3 12.bxc3 O-O 13.a4 Rc8 14.Ba3 Re8 15.Qb3 a6
16.Bf1 Na5 17.Qb4 Be6 18.Ng5 Bd5 19.Rxe7 Rxe7 20.Qxe7 Qxe7 21.Bxe7 Nb3 22.c4 Bxg2
23.Ra3 Bxf1 24.Kxf1 Nxd4 25.c5 Nf5 26.Bd6 b6 27.Ne4 Nxd6 28.cxd6 f5 29.Ng5 Bf6
30.Ne6 Kf7 31.Nc7 Rd8 32.a5 Rxd6 33.axb6 Rxb6 34.Nxa6 Be7 35.Ra5 Rc6 36.Nb8 Rc1+
37.Kg2 Bd6 38.Nd7 Ke6 39.Nb6 Bb4 40.Rb5 Bc5 41.Rb2 Bd4 42.Re2+ Kd6 43.Rd2 Ke5
44.Nd7+ Ke4 45.Nf8 f4 46.Re2+ Kf5 47.Nxh7 Rc3 48.f3 Rc7 49.Nf8 Rc1 50.Rd2 Be3
51.Rd5+ Kf6 52.Nh7+ Ke6 53.Rg5 Ke7 54.Rd5 Rc2+ 55.Kh1 Ke6 56.Rg5 Kf7 57.Rd5 Rc1+
58.Kg2 Rc2+ 59.Kh1 Rc1+ 60.Kg2 Ke6 61.Rg5 Rc2+ 62.Kh1 Kf7 63.Rd5 Rc1+  1/2-1/2

[Event "40th Olympiad Open"]
[Site "Istanbul TUR"]
[Date "2012.09.03"]
[Round "6.5"]
[White "Delchev,A"]
[Black "Paragua,M"]
[Result "1/2-1/2"]
[WhiteElo "2596"]
[BlackElo "2508"]

1.e4 c5 2.Nf3 d6 3.Bb5+ Nd7 4.d4 cxd4 5.Qxd4 a6 6.Bxd7+ Bxd7 7.O-O h6 8.e5 dxe5
9.Nxe5 Nf6 10.Nc3 Bf5 11.Qc4 e6 12.Bf4 Be7 13.Rfd1 Qa5 14.a3 Qc5 15.Qe2 O-O
16.Nd7 Nxd7 17.Rxd7 Bf6 18.Ne4 Bxe4 19.Qxe4 Rfd8 20.Rad1 Rxd7 21.Rxd7 Rd8
22.Rxd8+ Bxd8 23.g3 Bf6 24.Be3 Qb5 25.b3 Bc3 26.Bd4 Bxd4 27.Qxd4 Qc6 28.Qd8+ Kh7
29.Qd3+ g6 30.c4 b5 31.cxb5 axb5 32.h4 Qc7  1/2-1/2

[Event "World Youth U16 Olympiad 2012"]
[Site "Istanbul TUR"]
[Date "2012.09.03"]
[Round "8.7"]
[White "Matheson,L"]
[Black "Artemiev,V"]
[Result "1/2-1/2"]
[WhiteElo "2140"]
[BlackElo "2476"]

1.e4 c5 2.Nf3 d6 3.Bb5+ Bd7 4.Bxd7+ Qxd7 5.O-O Nf6 6.e5 dxe5 7.Nxe5 Qc7 8.d4 e6
9.Bf4 Bd6 10.Na3 a6 11.Nac4 Nc6 12.Bg3 Bxe5 13.dxe5 Nd5 14.Nd6+ Kf8 15.Qh5 h6
16.c4 g6 17.Qh4 Nb6 18.Rfd1 Nd7 19.f4 Kg7 20.Bf2 Rad8 21.Ne4 Na5 22.Rac1 b6
23.b3 Nb8 24.Qf6+ Kh7 25.Bh4 Nac6 26.Rd6 Rhf8 27.Bf2 Nd4 28.Bxd4 cxd4 29.Rd1 Nc6
30.b4 d3 31.R1xd3 Rxd6 32.exd6 Qd8 33.a3 Kg8 34.c5 bxc5 35.Qxd8 Rxd8 36.Nxc5 Nb8
37.d7 Kf8 38.Rd6 Ke7 39.Rb6 Nxd7 40.Nxd7 Rxd7 41.Rxa6 Rd2 42.b5 g5 43.fxg5 hxg5
44.b6 Rb2 45.a4 Kd6 46.a5 Kc6 47.Ra7 Rb5 48.Kf2 f5 49.Ke3 e5 50.Kd3 e4+ 51.Kc4 Rc5+
52.Kb4 Rb5+ 53.Ka4 Rb1 54.Re7 Kd6 55.Re8  1/2-1/2

[Event "11th Kesarovski-Stanchev Mem"]
[Site "Sunny Beach BUL"]
[Date "2012.09.03"]
[Round "3.7"]
[White "Vatter,H"]
[Black "Ermenkov,Evgenij"]
[Result "1/2-1/2"]
[WhiteElo "2305"]
[BlackElo "2429"]

1.e4 c5 2.Nf3 d6 3.Bb5+ Nc6 4.Bxc6+ bxc6 5.O-O e5 6.c3 Ne7 7.d4 cxd4 8.cxd4 Ng6
9.dxe5 dxe5 10.Qc2 Bd7 11.Nbd2 Be7 12.Nb3 O-O 13.Be3 a5 14.Rac1 a4 15.Nc5 Bg4
16.Nd2 Be2 17.Rfe1 Bb5 18.Nc4 Qc7  1/2-1/2

[Event "14th Trieste Open A"]
[Site "Trieste ITA"]
[Date "2012.09.03"]
[Round "4"]
[White "Srebrnic,V"]
[Black "Oparin,G"]
[Result "1/2-1/2"]
[WhiteElo "2207"]
[BlackElo "2490"]

1.e4 c5 2.Nf3 d6 3.Bb5+ Bd7 4.Bxd7+ Qxd7 5.O-O Nc6 6.d4 cxd4 7.Nxd4 Nf6 8.Re1 g6
9.Nc3 Bg7 10.Nxc6 bxc6 11.Qd3 O-O 12.Rb1 Ng4 13.Bf4 Ne5 14.Bxe5 Bxe5 15.Ne2 Bg7
16.c4 Rfb8 17.b3 a5 18.Nc3 Qe6 19.Rbd1 h5 20.Na4 Be5 21.g3 c5 22.Nc3 Bxc3
23.Qxc3 f6 24.a4 h4 25.Re3 hxg3 26.Rxg3 Kf7 27.Qe3 Rh8 28.f4 Rh4 29.Re1 Rah8
30.Re2 Rg4 31.Qf3 Rxg3+ 32.hxg3 Qh3 33.Rd2 Qh5 34.Qxh5 Rxh5 35.Kg2 Ke6 36.Rd5 Rh8
37.Rd3 f5 38.Re3 fxe4 39.Rxe4+ Kf6 40.g4 Rh4 41.Kg3 Rh1 42.g5+ Kf7 43.Re3 Rd1
44.Kg4 Rd4 45.Kf3 e6 46.Kg3 Rd1 47.Kg4 Rg1+ 48.Kf3 Rh1 49.Kg4 Ke7 50.Kg3 Rg1+
51.Kf2 Rh1 52.Kg3 Rh8 53.Kg4 Kd7 54.Rd3 Rh1 55.Re3 Rg1+ 56.Kf3 e5 57.fxe5 Rxg5
58.exd6 Kxd6 59.Re8 Rg1 60.Ra8 Rb1 61.Rxa5 Rxb3+ 62.Ke4 Rg3 63.Ra6+ Ke7 64.a5 Rg4+
65.Kd5 Rg5+ 66.Ke4 Rg4+  1/2-1/2

[Event "40th Olympiad Open"]
[Site "Istanbul TUR"]
[Date "2012.09.04"]
[Round "7.37"]
[White "Salov,S"]
[Black "Lim,Z"]
[Result "0-1"]
[WhiteElo "2234"]
[BlackElo "2120"]

1.e4 c5 2.Nf3 d6 3.Bb5+ Nc6 4.Bxc6+ bxc6 5.O-O Bg4 6.d3 Nf6 7.Nbd2 Nd7 8.Nc4 e6
9.h3 Bh5 10.Bf4 e5 11.Bh2 f6 12.Ne3 Bf7 13.Nd2 g6 14.f4 Bg7 15.Ndc4 Qe7 16.fxe5 fxe5
17.Qe2 O-O 18.Rf3 Be6 19.Raf1 Rxf3 20.Rxf3 Rc8 21.b3 Nb6 22.Rf1 Nd7 23.Bg3 h5
24.Be1 Nf8 25.Qf2 Bh6 26.Nd1 Bxc4 27.dxc4 Kg7 28.Bd2 Bxd2 29.Qxd2 Ne6 30.Nc3 Rd8
31.Ne2 Qh4 32.Qe3 Rd7 33.Kh2 Ng5 34.Ng3 Rf7 35.Rxf7+ Kxf7 36.Kg1 Qf4 37.Qxf4+ exf4
38.Ne2 Ne6 39.h4 Kf6 40.Kf2 Ke5 41.Kf3 g5 42.g4 hxg4+ 43.Kxg4 gxh4 44.Kxh4 Kxe4
45.Kg4 Ke3 46.Ng1 Nd4 47.c3 f3  0-1

[Event "40th Olympiad Open"]
[Site "Istanbul TUR"]
[Date "2012.09.04"]
[Round "7.23"]
[White "Gallagher,Jo"]
[Black "Fier,A"]
[Result "1/2-1/2"]
[WhiteElo "2513"]
[BlackElo "2582"]

1.e4 c5 2.Nf3 d6 3.Bb5+ Nd7 4.d4 cxd4 5.Qxd4 a6 6.Bxd7+ Bxd7 7.c4 Rc8 8.O-O Qc7
9.b3 b5 10.Na3 e5 11.Qd3 Qa5 12.Nc2 bxc4 13.bxc4 Qa4 14.Nd2 Nf6 15.Ne3 Be7
16.Nb1 Qc6 17.Nc3 O-O 18.Ba3 Rfe8 19.f3 Bd8 20.Kh1 Bb6 21.Ncd5 Nxd5 22.Nxd5 Bc5
23.Rab1 Be6 24.Rfc1 Kh8 25.h3 h6 26.Kh2 Rb8 27.Ne7 Qc7 28.Nd5 Qa5 29.Bxc5 Qxc5
30.Qe3 Qa5 31.Qa7 Rbc8 32.Qb6 Qa3 33.Qb3 Qc5 34.Qb6 a5 35.Rb5 Qa3 36.Rc3 Qxa2
37.Rxa5 Qd2 38.Qe3 Qd4 39.Qxd4 exd4 40.Rc2 f5 41.exf5 Bxf5 42.Rd2 Rxc4 43.Nf6 Re5
44.Ra8+ Rc8 45.Rxc8+ Bxc8 46.Ne4 Rd5 47.Kg3 Ba6 48.Kf2 Kh7 49.Rb2 Bd3 50.Rb6 Bc2
51.Rc6 Bxe4 52.fxe4 Re5 53.Rxd6 Rxe4 54.Kf3 Rh4 55.g3 Rxh3 56.Rxd4 Rh2 57.Rd6 h5
58.Kf4 Ra2 59.Kg5 Ra5+ 60.Kh4 g6 61.Rd4 Kh6 62.Kh3 Kg5 63.Rb4 Ra2 64.Rb5+ Kh6
65.Rc5 Re2 66.Ra5 Kg7 67.Ra6 g5 68.Rb6 g4+ 69.Kh4 Re5 70.Ra6 Kh7 71.Rb6  1/2-1/2

[Event "40th Olympiad Open"]
[Site "Istanbul TUR"]
[Date "2012.09.04"]
[Round "7.9"]
[White "Howell,D"]
[Black "Shanava,K"]
[Result "1/2-1/2"]
[WhiteElo "2635"]
[BlackElo "2569"]

1.e4 c5 2.Nf3 d6 3.Bb5+ Nd7 4.d4 cxd4 5.Qxd4 a6 6.Bxd7+ Bxd7 7.c4 b5 8.Nc3 e5
9.Qd3 bxc4 10.Qxc4 Be6 11.Qc6+ Bd7 12.Qc4 Be6 13.Nd5 Qa5+ 14.Qc3 Qxc3+ 15.Nxc3 h6
16.b3 Rc8 17.Bb2 Nf6 18.O-O Be7 19.Rfd1 O-O 20.Nd2 Rc6 21.Nf1 Rfc8 22.Rd3 Bd8
23.Ne3 Bb6 24.Rad1 Bd4 25.Na4 Bxe3 26.Rxe3 Rc2 27.f3 Bd7 28.Nb6 R8c6 29.Na4 Rc7
30.Ba3 Bxa4 31.bxa4 Rxa2 32.Bxd6 Rcc2 33.Bxe5 Nd7 34.Bg3 Nb6 35.a5 Nc4 36.Red3 Kh7
37.Rd7 f6 38.Rc7 Rxg2+ 39.Kh1 Rgc2 40.Bf4 Nxa5 41.Rcd7 Rg2 42.Rc7 Rg6 43.e5 Re2
44.exf6 Rxf6 45.Bd2 Nc6 46.Bc3 Rg6 47.Bxg7 Rxg7  1/2-1/2

[Event "40th Olympiad Open"]
[Site "Istanbul TUR"]
[Date "2012.09.04"]
[Round "7.52"]
[White "Hammoubi,A"]
[Black "Seegolam,P"]
[Result "1/2-1/2"]
[WhiteElo "2155"]
[BlackElo "2041"]

1.e4 c5 2.Nf3 d6 3.Bb5+ Bd7 4.Bxd7+ Nxd7 5.O-O e6 6.Re1 Be7 7.c3 Ngf6 8.d4 O-O
9.Bg5 d5 10.exd5 Nxd5 11.Bxe7 Nxe7 12.c4 cxd4 13.Qxd4 Nf6 14.Nc3 Qxd4 15.Nxd4 Rac8
16.b3 a6 17.a4 Nc6 18.Nxc6 Rxc6 19.Red1 Rb8 20.f3 Kf8 21.Rd3 Ke8 22.Rad1 Rcc8
23.g4 h6 24.h4 Rd8 25.b4 Rxd3 26.Rxd3 Rd8 27.Rxd8+ Kxd8 28.Ne4 Ne8 29.Kf2 Kd7
30.Ke3 e5 31.Nc5+ Kc6 32.Nd3 f6 33.b5+ axb5 34.axb5+ Kd6 35.Ke4 g6 36.c5+ Kd7
37.g5 hxg5 38.hxg5 Ke6 39.gxf6 Nxf6+ 40.Ke3 Kd5  1/2-1/2

[Event "40th Olympiad Women"]
[Site "Istanbul TUR"]
[Date "2012.09.04"]
[Round "7.7"]
[White "Narva,T"]
[Black "Gomes,Mary"]
[Result "0-1"]
[WhiteElo "2028"]
[BlackElo "2396"]

1.e4 c5 2.Nf3 d6 3.Bb5+ Nd7 4.O-O a6 5.Bxd7+ Bxd7 6.d4 cxd4 7.Qxd4 e5 8.Qd3 Rc8
9.Nc3 h6 10.Be3 Nf6 11.h3 Be7 12.Nd2 Qc7 13.a4 O-O 14.Rfc1 Be6 15.Nd5 Bxd5
16.exd5 Nd7 17.g4 Nc5 18.Bxc5 Qxc5 19.Ra3 Qc7 20.Rc3 Qd7 21.Nc4 Rce8 22.Qe4 Bg5
23.Rf1 g6 24.Nb6 Qe7 25.Rf3 Bf4 26.Qb4 f5 27.Rb3 fxg4 28.Kg2 Qg5 29.hxg4 Qxg4+
30.Rg3 Qf5 31.Rh3 e4 32.Rfh1 Be3 33.f3 exf3+ 34.Kf1 Qxc2 35.a5 Qf2+  0-1

[Event "40th Olympiad Women"]
[Site "Istanbul TUR"]
[Date "2012.09.04"]
[Round "7.15"]
[White "Yildiz,B"]
[Black "Seps,M"]
[Result "1/2-1/2"]
[WhiteElo "2341"]
[BlackElo "2227"]

1.e4 c5 2.Nf3 d6 3.Bb5+ Bd7 4.Bxd7+ Qxd7 5.c4 Nf6 6.Nc3 g6 7.d4 cxd4 8.Nxd4 Bg7
9.f3 O-O 10.Be3 Nc6 11.Nde2 a6 12.a4 e6 13.O-O Qe7 14.Rc1 Nd7 15.b3 Rfc8
16.Bf4 Be5 17.Qd2 Nc5 18.Rb1 Na5 19.Qa2 Nd3 20.Bd2 Nc6 21.Be3 Ncb4 22.Qd2 b5
23.Na2 d5 24.Nxb4 Nxb4 25.c5 a5 26.axb5 Rxc5 27.Bxc5 Qxc5+ 28.Kh1 Rd8 29.f4 Bb8
30.e5 Qxb5 31.Nd4 Qb6 32.Rbc1 Ba7 33.Rfd1 Rb8 34.Rc3 Kg7 35.Qe1 Qd8 36.Qd2 Qb6
37.Rg3 Rc8 38.h3 Qc5 39.f5 Qxd4 40.f6+ Kg8 41.Qxd4 Bxd4 42.Rxd4 Rc1+ 43.Kh2 Nc6
44.Ra4 h5 45.Re3 Kh7 46.h4 d4 47.Rd3 Nxe5 48.Rdxd4 Ng4+ 49.Rxg4 hxg4 50.Rxa5 Rf1
51.Kg3 Rxf6 52.Kxg4 Rf2 53.g3 Kh6  1/2-1/2

[Event "40th Olympiad Women"]
[Site "Istanbul TUR"]
[Date "2012.09.04"]
[Round "7.15"]
[White "Menzi,N"]
[Black "De Seroux,C"]
[Result "0-1"]
[WhiteElo "1876"]
[BlackElo "2101"]

1.e4 c5 2.Nf3 d6 3.Bb5+ Bd7 4.Bxd7+ Qxd7 5.c4 Nf6 6.Nc3 g6 7.d4 cxd4 8.Nxd4 Bg7
9.f3 O-O 10.O-O Rc8 11.b3 d5 12.exd5 Nxd5 13.Nxd5 e6 14.Bb2 exd5 15.cxd5 Qxd5
16.Re1 Rd8 17.Kh1 Na6 18.Qd2 Rd7 19.Rad1 Rad8 20.Qe2 Qa5 21.Qf2 Nc7 22.Rd3 Bxd4
23.Bxd4 Rxd4 24.Rde3 Ne6  0-1

[Event "World Youth U16 Olympiad 2012"]
[Site "Istanbul TUR"]
[Date "2012.09.04"]
[Round "9.14"]
[White "Szotkowski,J"]
[Black "Saiyn,Z"]
[Result "1-0"]
[WhiteElo "2109"]
[BlackElo "2188"]

1.e4 c5 2.Nf3 d6 3.Bb5+ Bd7 4.Bxd7+ Nxd7 5.O-O Ngf6 6.Re1 g6 7.c3 Bg7 8.d4 cxd4
9.cxd4 d5 10.e5 Ne4 11.Nbd2 Nxd2 12.Bxd2 Nf8 13.Rc1 Qd7 14.Re3 Ne6 15.Rec3 O-O
16.Be3 h6 17.h4 Rfc8 18.h5 Rxc3 19.Rxc3 g5 20.Qc1 Rf8 21.Qc2 f5 22.exf6 exf6
23.Qf5 Rf7 24.Nh2 Nd8 25.g4 Qxf5 26.gxf5 Nc6 27.Nf1 Bf8 28.Kg2 Bd6 29.Kf3 Re7
30.Ng3 Bxg3 31.fxg3 Rd7 32.Bf2 Kf7 33.g4 Nb4 34.a3 Nc6 35.b4 a6 36.Rc5 Na7
37.a4 Nc6 38.b5 axb5 39.Rxb5 Ke7 40.Bg1 Kd8 41.Bf2 Kc7 42.Bg3+ Kc8 43.Bf2 Kb8
44.Rb1 Na5 45.Re1 Nb3 46.Re8+ Ka7 47.Be3 Na1 48.Re6 Rf7 49.Rd6 Nb3 50.Rxd5 Ka6
51.Rb5 Na5 52.Ke4 Nc4 53.Kd3 Nb6 54.Bd2 Nd7 55.Bb4 Nb8 56.Ke4 Nc6 57.Bc5 Rd7
58.Ke3 Rh7 59.Kd3 Rd7 60.Ke4 Rd8 61.Rb6+ Ka5 62.Rxb7 Kxa4 63.Rb6 Rc8 64.Kd5 Nb8
65.Rxf6 Kb5 66.Rb6+ Ka5 67.Rxh6 Nd7 68.Rd6 Rd8 69.Kc4  1-0

[Event "11th Istanbul Open A"]
[Site "Istanbul TUR"]
[Date "2012.09.05"]
[Round "6"]
[White "Zengin,S"]
[Black "Cannesar,Rad"]
[Result "1/2-1/2"]
[WhiteElo "2090"]
[BlackElo "1754"]

1.e4 c5 2.Nf3 d6 3.Bb5+ Bd7 4.Bxd7+ Nxd7 5.O-O Ngf6 6.d3 g6 7.Ng5 Bg7 8.f4 Qc7
9.Nd2 O-O 10.Qe2 b5 11.Ndf3 h6 12.Nxf7 Rxf7 13.e5 dxe5 14.fxe5 Ng4 15.e6 Rf5
16.exd7 Raf8 17.d8=Q Qxd8 18.h3 Ne5 19.Nh2 Rxf1+ 20.Nxf1 Qd4+ 21.Qe3 Nc6
22.c3 Qd5 23.Bd2 Ne5 24.Re1 Nxd3 25.Re2 Nf4 26.Rf2 e5 27.Kh2 e4 28.Ng3 Be5
29.Kh1 Qd3 30.Nxe4 Qb1+ 31.Qe1  1/2-1/2

[Event "40th Olympiad Open"]
[Site "Istanbul TUR"]
[Date "2012.09.05"]
[Round "8.14"]
[White "Baltag,I"]
[Black "Babula,V"]
[Result "1/2-1/2"]
[WhiteElo "2396"]
[BlackElo "2595"]

1.e4 c5 2.Nf3 d6 3.Bb5+ Nd7 4.d4 cxd4 5.Qxd4 a6 6.Bxd7+ Bxd7 7.Nc3 Rc8 8.Bg5 h6
9.Bh4 e5 10.Qd3 g5 11.Bg3 Nf6 12.Nd2 b5 13.a4 b4 14.Nd1 Qb6 15.Ne3 Qd4 16.O-O Be7
17.Qxa6 O-O 18.Qd3 Qxb2 19.Rfd1 Qc3 20.f3 Be6 21.a5 Rc6 22.Bf2 Ra8 23.Ra4 d5
24.Qxc3 bxc3 25.exd5 Nxd5 26.Nxd5 Bxd5 27.Ne4 Be6 28.Rd3 Rca6 29.Bc5 Bd8
30.Bb4 Bb6+ 31.Bc5 Bxa5 32.Nxc3 Bxc3 33.Rxa6 Rxa6 34.Rxc3 Bf5 35.Re3 Bxc2  1/2-1/2

[Event "40th Olympiad Open"]
[Site "Istanbul TUR"]
[Date "2012.09.05"]
[Round "8.20"]
[White "Solak,D"]
[Black "Le Quang Liem"]
[Result "0-1"]
[WhiteElo "2599"]
[BlackElo "2693"]

1.e4 c5 2.Nf3 d6 3.Bb5+ Bd7 4.Bxd7+ Nxd7 5.O-O Ngf6 6.Re1 Rc8 7.c3 Qc7 8.Na3 e6
9.d3 Be7 10.Bf4 O-O 11.Qe2 Qc6 12.d4 cxd4 13.Nxd4 Qa4 14.Nac2 Qc4 15.Qxc4 Rxc4
16.f3 a6 17.Rad1 Ne5 18.Bxe5 dxe5 19.Nb3 h5 20.Rd3 h4 21.g3 Rc7 22.Kg2 g6
23.Ne3 Kg7 24.Nd1 Nd7 25.Nf2 Nb6 26.Re2 Nc4 27.Nd1 Bg5 28.Na1 Rcc8 29.b3 Na5
30.Nc2 Rfd8 31.Rxd8 Rxd8 32.Nf2 hxg3 33.hxg3 Bd2 34.c4 Nc6 35.Kf1 f5 36.Kg2 Kf6
37.Kf1 Ba5 38.Re3 Bb6 39.Rd3 Rh8 40.Rd2 Bxf2 41.Kxf2 Rh2+ 42.Ke1 Rh1+ 43.Kf2 f4
44.Kg2 Rb1 45.Re2 g5 46.g4 Ke7 47.Kf2 Rd1 48.b4 Kd6 49.c5+ Kc7 50.a4 Nd4
51.Nxd4 exd4 52.Rc2 Rb1 53.Rc4 e5 54.Ke2 Kc6 55.Kd2 Rb3 56.Ke2 Re3+ 57.Kf2 Ra3
58.a5 Rc3  0-1

[Event "40th Olympiad Open"]
[Site "Istanbul TUR"]
[Date "2012.09.05"]
[Round "8.57"]
[White "Jeitz,C"]
[Black "Ortiz,Ma"]
[Result "1-0"]
[WhiteElo "2212"]
[BlackElo "2171"]

1.e4 c5 2.Nf3 d6 3.Bb5+ Nc6 4.O-O Nf6 5.e5 dxe5 6.Nxe5 Qc7 7.Bxc6+ bxc6 8.Qf3 Bb7
9.Nc4 e6 10.d3 Nd5 11.Nbd2 Be7 12.Ne4 Ba6 13.Bd2 Bxc4 14.dxc4 Nf6 15.Bc3 O-O
16.Nxf6+ Bxf6 17.Bxf6 gxf6 18.Qxf6 Qd8 19.Qe5 Qd4 20.Rae1 Rad8 21.Qg5+ Qg7
22.Qxc5 Qxb2 23.Re3 Qd4 24.Qg5+ Kh8 25.c3 Qg7 26.Qf4 f5 27.Rxe6 Qxc3 28.Rxc6 Rd2
29.Qh6  1-0

[Event "40th Olympiad Open"]
[Site "Istanbul TUR"]
[Date "2012.09.05"]
[Round "8.8"]
[White "Popovic,Du"]
[Black "Gopal,G"]
[Result "0-1"]
[WhiteElo "2579"]
[BlackElo "2550"]

1.e4 c5 2.Nf3 d6 3.Bb5+ Nd7 4.d4 cxd4 5.Qxd4 a6 6.Bxd7+ Bxd7 7.O-O Rc8 8.Nc3 e5
9.Qd3 h6 10.a4 Nf6 11.Be3 Be7 12.Nd2 Qc7 13.Rfc1 O-O 14.a5 Be6 15.Nd5 Nxd5
16.exd5 Bd7 17.c4 f5 18.b4 Qd8 19.f4 Bf6 20.Rab1 Re8 21.Kh1 Qe7 22.Qb3 Kh8
23.Nf3 g5 24.Re1 gxf4 25.Bxf4 Qg7 26.Bc1 Rg8 27.Re2 f4 28.Bb2 Bg4 29.Rbe1 Rce8
30.Qc2 Bh5 31.Re4 Bg6 32.c5 Rd8 33.cxd6 Rxd6 34.Qf2 Bxe4 35.Rxe4 Rxd5 36.Re1 Re8
37.Qb6 Qf7 38.Rc1 Bg7 39.h4 Rb5 40.Qd6 Rd5 41.Qb6 Kg8 42.Rc7 Rd7 43.Rxd7 Qxd7
44.Qg6 Qc6 45.Qf5 Qe6 46.Qe4 Re7 47.Kh2 Rd7 48.Ba1 Qc6 49.Qf5 Rf7 50.Qg4 Qd7
51.Qg6 Qf5 52.Qd6 Rd7 53.Qc5 Qg4 54.Qc2 e4 55.Qc4+ Kh8  0-1

[Event "World Youth U16 Olympiad 2012"]
[Site "Istanbul TUR"]
[Date "2012.09.05"]
[Round "10.19"]
[White "Szotkowski,J"]
[Black "Kumsiashvili,N"]
[Result "1/2-1/2"]
[WhiteElo "2109"]
[BlackElo "2097"]

1.e4 c5 2.Nf3 d6 3.Bb5+ Bd7 4.Bxd7+ Qxd7 5.c4 Nc6 6.Nc3 g6 7.d4 cxd4 8.Nxd4 Bg7
9.Be3 Nf6 10.f3 O-O 11.O-O Rfc8 12.b3 e6 13.Rf2 d5 14.Rd2 Qe7 15.Nxc6 bxc6
16.Rc1 Rd8 17.Rcc2 dxc4 18.bxc4 Nd7 19.Ne2 c5 20.Nc1 Nb6 21.Nb3 Rxd2 22.Rxd2 Nxc4
23.Bxc5 Qe8 24.Rd7 Nb6 25.Rd3 Na4 26.Bd4 Nb2  1/2-1/2

[Event "3rd Oliver Gonzalez Mem Open A"]
[Site "Madrid ESP"]
[Date "2012.09.05"]
[Round "5.39"]
[White "Hernandez Gutierrez,Jose"]
[Black "Garcia Ruiz Fuentes,M"]
[Result "0-1"]
[WhiteElo "1877"]
[BlackElo "1943"]

1.e4 c5 2.Nf3 d6 3.Bb5+ Nc6 4.O-O Bd7 5.c3 Nf6 6.Re1 a6 7.Ba4 e5 8.d4 b5
9.Bc2 Be7 10.h3 O-O 11.Be3 Qc7 12.Nbd2 cxd4 13.cxd4 Nb4 14.Bb1 Rac8 15.dxe5 dxe5
16.a3 Nc6 17.Ba2 h6 18.Rc1 Rfd8 19.Qc2 Qb8 20.Qb1 b4 21.Bc5 Bxc5 22.Rxc5 a5
23.Qc2 Qb6 24.Rc1 a4 25.Bd5 Nxd5 26.exd5 Nd4 27.Nxd4 exd4 28.Rc7 bxa3 29.bxa3 Bf5
30.Qc5 Qxc7 31.Qxc7 Rxc7 32.Rxc7 Rxd5 33.Rc4 Bd7 34.Rb4 Kf8 35.Nf3 d3 36.Nd2 Ke7
37.f3 Ke6 38.Kf2 Bb5 39.Ke3 Re5+ 40.Re4 f5 41.Rxe5+ Kxe5 42.g3 g5 43.f4+ gxf4+
44.gxf4+ Kd5 45.h4 h5 46.Nf3 Kc4 47.Kd2 Ba6 48.Kc1 Kc3 49.Nd2 Kd4 50.Kb2 Bb5
51.Nf1 Bc4 52.Ng3 Bb3 53.Nxf5+ Ke4 54.Ng3+ Kf3 55.Nf1 Ke2 56.Ng3+ Ke1  0-1

[Event "40th Olympiad Open"]
[Site "Istanbul TUR"]
[Date "2012.09.06"]
[Round "9.22"]
[White "Svetushkin,D"]
[Black "Yilmaz,M"]
[Result "1-0"]
[WhiteElo "2569"]
[BlackElo "2543"]

1.e4 c5 2.Nf3 d6 3.Bb5+ Nc6 4.O-O Bd7 5.Re1 Nf6 6.c3 a6 7.Bf1 Bg4 8.h3 Bxf3
9.Qxf3 g6 10.d3 Bg7 11.Be3 Nd7 12.Qd1 b5 13.a3 O-O 14.Nd2 Nb6 15.Nf3 Na4
16.Qb3 Na5 17.Qa2 Rc8 18.Rac1 Qd7 19.d4 cxd4 20.cxd4 Rxc1 21.Rxc1 Rc8 22.Ng5 e6
23.Rxc8+ Qxc8 24.b3 Nc3 25.Qc2 Qc6 26.Bd3 d5 27.e5 Bf8 28.b4 Nb7 29.h4 Nd8
30.h5 Na4 31.hxg6 hxg6 32.Bxg6 Qxc2 33.Bxc2 Nb6 34.Bd3 Nc6 35.f4 Nc4 36.Bxc4 dxc4
37.Ne4 a5 38.bxa5 Bxa3 39.a6 b4 40.Nd2 c3 41.Nb3 c2 42.Kf1 Bb2 43.Ke2 Nxd4+
44.Bxd4 Bxd4 45.Kd3 Bb6 46.Kxc2 f6 47.Na5 Kf7 48.Nc6 fxe5 49.fxe5 Kg6 50.a7 Bxa7
51.Nxa7 Kf5 52.Nc6 Ke4 53.Kb3 Kd5 54.Kxb4 Kxc6 55.Kc4  1-0